Κώδικες Αν. θράκης : ήτοι διάφορα βιβλία των εν Τουρκία ελληνικών κοινοτήτων και μητροπόλεων εν τω ταμείω ανταλλάξιμων κοινοτικών και κοινοφελών περιουσιών, μετενεχθέντων κατά το 1922 εντεύθεν του Έβρου

Αποθηκεύτηκε σε:
Λεπτομέρειες βιβλιογραφικής εγγραφής
Κύριος συγγραφέας: Αποστολίδης, Κοσμάς-Μυρτίλος, 1868 ή 9-1942
Μορφή: Βιβλίο
Γλώσσα:Greek
Δημοσίευση: Αθήναι : Εταιρεία Θρακικών Μελετών, 1954
Σειρά:Αρχείον Θρακικού λαογραφικού και γλωσσικού θησαυρού. Εταιρεία Θρακικών Μελετών ; ; 30
Θέματα:
Ετικέτες: Προσθήκη ετικέτας
Δεν υπάρχουν, Καταχωρήστε ετικέτα πρώτοι!

MARC

LEADER 00000cam a2200000 i 4500
001 1/24058
008 011120s1954 gre d
035 |l 10067787 
040 |a GR-MY-UA  |b gre  |e aacr 
041 0 |a gre 
082 0 |a 938.401 
100 1 |a Αποστολίδης, Κοσμάς-Μυρτίλος,   |d 1868 ή 9-1942. 
245 1 0 |a Κώδικες Αν. θράκης :  |b ήτοι διάφορα βιβλία των εν Τουρκία ελληνικών κοινοτήτων και μητροπόλεων εν τω ταμείω ανταλλάξιμων κοινοτικών και κοινοφελών περιουσιών, μετενεχθέντων κατά το 1922 εντεύθεν του Έβρου /  |c Κ. Μυρτίλου Αποστολίδου 
260 |a Αθήναι :   |b Εταιρεία Θρακικών Μελετών,   |c 1954 
300 |a 63 σ.;  |c 23 εκ. 
490 1 |a Αρχείον Θρακικού λαογραφικού και γλωσσικού θησαυρού. Εταιρεία Θρακικών Μελετών  |v ; 30 
651 0 |a Thrace, Eastern (Turkey)  |x Bibliography. 
830 0 |a Αρχείον Θρακικού λαογραφικού και γλωσσικού θησαυρού. Εταιρεία Θρακικών Μελετών ;  |v ; 30 
852 |a INST  |b LESVOS  |e 20011120  |h 938.401 ΑΠΟ  |p 005100028590  |q 005100028590  |t BK  |y 0 
901 |a BIBL1-2001-3 
970 |a ΜΟΥΣΤΑΚΑ  |b ΠΗΝΕΛΟΠΗ  |z 2001/11/20